[Event "Polfinal Mistrzostw Polski Kobiet"]
[Site "Karpacz"]
[Date "1899-12-30"]
[Round "7.2"]
[White "Siekanska, Maria"]
[Black "Kubicka, Anna"]
[Result "1-0"]
[WhiteTitle "WFM"]
[BlackTitle "WIM"]
[WhiteElo "2126"]
[BlackElo "2284"]

1. d4 d6 2. Nf3 g6 3. c4 Bg7 4. Nc3 c5 5. dxc5 Bxc3+ 6. bxc3 dxc5 7. Qxd8+ Kxd8
8. Ne5 Ke8 9. g3 Nf6 10. Bg2 Nfd7 11. Nd3 Na6 12. Be3 f6 13. h4 Rb8 14. h5 g5
15. O-O-O b6 16. Bc6 Bb7 17. Bxd7+ Kxd7 18. Nxc5+ Kc8 19. Nxb7 Rxb7 20. c5 bxc5
21. Rd5 Rd8 22. Rxd8+ Kxd8 23. f4 g4 24. f5 e6 25. fxe6 Ke7 26. Rd1 Kxe6 27. Bf4
Nc7 28. c4 Ne8 29. Rd5 Rb4 30. Rxc5 Nd6 31. Bxd6 Kxd6 32. Rc8 Kd7 33. Rh8 Rxc4+
34. Kd2 Ra4 35. Rxh7+ Ke6 36. h6 Rxa2+ 37. Ke3 Kf5 38. Rg7 Ra1 39. h7 Rh1 40.
Rxa7 Ke5 41. Re7+ Kf5 42. Kd4 Rd1+ 43. Kc5 Rh1 44. Rg7 Ke5 45. Re7+ Kf5 46. Kd6
Kg6 47. Ke6 f5 48. Re8 Rxh7 49. Rg8+ Kh5 50. Kf6 Kh6 51. e4 Kh5 52. exf5 Rh6+
53. Rg6 Rh8 54. Rg5+ Kh6 55. Rxg4 Rf8+ 56. Ke6 Kh7 57. Ra4 Rb8 58. Ra7+ Kg8 59.
Kf6 Rb6+ 60. Kg5 Rb3 61. g4 Rb6 62. f6 Rb4 63. Kf5 Kf8 64. g5 Kg8 65. Kg6 Rb8
66. Rg7+ Kf8 67. Rh7 1-0

[Event "Polfinal Mistrzostw Polski Kobiet"]
[Site "Karpacz"]
[Date "1899-12-30"]
[Round "7.3"]
[White "Sliwicka, Alicja"]
[Black "Waszczuk, Patrycja"]
[Result "1-0"]
[WhiteTitle "WIM"]
[BlackTitle "WFM"]
[WhiteElo "2306"]
[BlackElo "2180"]

1. e4 Nf6 2. e5 Nd5 3. d4 d6 4. c4 Nb6 5. f4 dxe5 6. fxe5 Nc6 7. Be3 Bf5 8. Nc3
e6 9. Nf3 Qd7 10. Be2 Be7 11. O-O O-O 12. Qd2 f6 13. exf6 Bxf6 14. Rad1 Rad8 15.
Kh1 Nc8 16. Qe1 Nd6 17. Ne5 Qe8 18. Nxc6 bxc6 19. b3 Bc2 20. Rc1 Bg6 21. Bf3 Nf5
22. d5 exd5 23. Bxa7 Nh4 24. Bg4 Qxe1 25. Rfxe1 Bg5 26. Rcd1 Bc2 27. Bc5 Bxd1
28. Be6+ Kh8 29. Bxf8 Bh5 30. Rf1 Bf6 31. Rxf6 Ng6 32. Rf1 d4 33. Bb4 c5 34. Ba5
dxc3 35. Bxc3 Nf4 36. Bf5 Ne2 37. Be5 Rf8 38. h3 Nd4 39. Bd3 Rxf1+ 40. Bxf1 Bg6
41. Bxc7 Bb1 42. a4 Nxb3 43. a5 Be4 44. a6 1-0

[Event "Polfinal Mistrzostw Polski Kobiet"]
[Site "Karpacz"]
[Date "1899-12-30"]
[Round "7.4"]
[White "Smietanska, Wiktoria"]
[Black "Kulon, Klaudia"]
[Result "1/2-1/2"]
[WhiteTitle "CM"]
[BlackTitle "IM"]
[WhiteElo "1901"]
[BlackElo "2321"]

1. c4 Nf6 2. Nc3 e6 3. e4 d5 4. e5 d4 5. exf6 dxc3 6. bxc3 Qxf6 7. Nf3 e5 8. d4
Nc6 9. Bg5 Qg6 10. d5 Nb8 11. Be3 Nd7 12. Qa4 e4 13. Nd2 Be7 14. c5 O-O 15. Qxe4
Bxc5 16. Qxg6 hxg6 17. Nc4 Re8 18. O-O-O b5 19. Bxc5 Nxc5 20. Na5 Bd7 21. Bd3
Re5 22. Bc2 Rae8 23. Rd2 g5 24. c4 g6 25. Rhd1 a6 26. Rd4 g4 27. d6 c6 28. R1d2
b4 29. Nb3 Na4 30. c5 Re1+ 31. Bd1 Nc3 32. Kb2 a5 33. Bxg4 f5 34. Bd1 a4 35. Nc1
a3+ 36. Kc2 Rb8 37. Rxb4 Rxb4 38. Kxc3 Rb8 39. Bb3+ Kg7 40. Nd3 Re4 41. f4 Rb7
42. g3 Kf6 43. Ne5 g5 44. Nxd7+ Rxd7 45. fxg5+ Kxg5 46. Rd4 Re2 47. Ba4 Rxa2 48.
Bxc6 Rd8 49. Kb3 Rxh2 50. Kxa3 Rc2 51. Rd5 Rxc5 52. Rxc5 Rxd6 53. Bb5 Kg4 54.
Rc3 Rd2 55. Bc6 f4 56. gxf4 Kxf4 57. Kb4 Ke5 58. Re3+ Kd6 59. Bf3 Rb2+ 60. Kc3
Ra2 61. Bd1 Ra5 62. Bb3 Rh5 63. Re4 Kc5 64. Bc2 Kd6 65. Kb4 Kd5 66. Rg4 Rh8 67.
Kc3 Rc8+ 68. Kd3 Rc7 69. Rg5+ Kd6 70. Bb3 Rh7 71. Bd5 Rh2 72. Bg2 Rh4 73. Be4
Rh2 74. Kd4 Rd2+ 75. Bd3 Rd1 76. Rg6+ Ke7 77. Ke4 Kd7 78. Bc4 Rd6 79. Rg7+ Kc6
80. Bd5+ Kc5 81. Rg8 Rh6 82. Rc8+ Kb5 83. Kd4 Rh4+ 84. Be4 Kb4 85. Rb8+ Ka4 86.
Kd5 Ka3 87. Kd4 Ka4 88. Rb7 Rg4 89. Rh7 Kb4 90. Rh1 Ka4 91. Re1 Kb4 92. Rh1 Ka4
93. Rb1 Rh4 94. Kd5 Ka3 95. Bd3 Rb4 96. Rc1 Kb2 97. Rc2+ Kb3 98. Re2 Kc3 99. Ba6
Rh4 100. Re3+ Kb4 101. Be2 Rh8 102. Re4+ Kc3 103. Rc4+ Kd2 104. Bf3 Ke3 105. Rc3+
Kf4 106. Bg2 Rd8+ 107. Ke6 1/2-1/2

[Event "Polfinal Mistrzostw Polski Kobiet"]
[Site "Karpacz"]
[Date "1899-12-30"]
[Round "7.5"]
[White "Zabrzanska, Weronika"]
[Black "Barchuk, Irina"]
[Result "1-0"]
[WhiteTitle "WFM"]
[BlackTitle "WFM"]
[WhiteElo "1976"]
[BlackElo "2107"]

1. e4 c5 2. c3 Nf6 3. e5 Nd5 4. Bc4 e6 5. Nf3 d6 6. d4 cxd4 7. cxd4 Nc6 8. O-O
Be7 9. Qe2 O-O 10. Nc3 Nxc3 11. bxc3 dxe5 12. dxe5 Qc7 13. Bd3 b6 14. Re1 Rd8
15. h4 Bb7 16. Bg5 Rd7 17. Rad1 Rad8 18. h5 Bxg5 19. Nxg5 h6 20. Qe4 Ne7 21. Qh7+
Kf8 22. Qh8+ Ng8 23. Bh7 hxg5 24. Rxd7 Qxd7 25. Qxg8+ Ke7 26. Qxg7 Qd2 27. Qf6+
Ke8 28. Rf1 Qf4 29. h6 Rd2 30. Bg6 Qg4 31. Qxf7+ Kd8 32. Qxb7 1-0

[Event "Polfinal Mistrzostw Polski Kobiet"]
[Site "Karpacz"]
[Date "1899-12-30"]
[Round "7.6"]
[White "Dmochowska, Agnieszka"]
[Black "Matskevich, Varvara"]
[Result "1-0"]
[WhiteTitle "WFM"]
[BlackTitle "I++"]
[WhiteElo "2039"]
[BlackElo "1864"]

1. d4 f5 2. e4 fxe4 3. Nc3 Nf6 4. Bg5 c6 5. f3 e3 6. Bxe3 d5 7. g4 Qb6 8. Qd3 Nbd7
9. g5 Nh5 10. f4 g6 11. O-O-O Ng7 12. h4 Nb8 13. Bh3 Nf5 14. h5 Bg7 15. Nf3 Na6
16. Qd2 Nd6 17. Ne5 Bxh3 18. Rxh3 O-O-O 19. Rdh1 Rhf8 20. b3 Nf5 21. Na4 Qc7 22.
hxg6 Bxe5 23. fxe5 hxg6 24. Bf4 e6 25. b4 Rf7 26. a3 Rdf8 27. Be3 b6 28. Qd3 Kb7
29. Kb2 Qd7 30. Nc3 Nc7 31. Ne2 b5 32. Bd2 Na8 33. Nf4 Rg7 34. Ka2 Nb6 35. R1h2
Nc4 36. Bc1 a5 37. c3 Qe7 38. Qd1 Ra8 39. Nd3 Kb6 40. Nc5 Rf7 41. Rh8 Raf8 42.
Rxf8 Rxf8 43. Qh1 Rf7 44. Rh8 Ng3 45. Qh2 Ne4 46. Rb8+ Ka7 47. Qh8 Nb6 48. bxa5
Nxc5 49. axb6+ Ka6 50. dxc5 b4 51. a4 Qxc5 52. Qc8+ Ka5 53. Ra8+ Kxb6 54. Ra6#
1-0

[Event "Polfinal Mistrzostw Polski Kobiet"]
[Site "Karpacz"]
[Date "1899-12-30"]
[Round "7.8"]
[White "Ejsymont, Blanka"]
[Black "Zapalowska, Wiktoria"]
[Result "1-0"]
[WhiteTitle "I++"]
[BlackTitle "I++"]
[WhiteElo "1634"]
[BlackElo "1684"]

1. e4 c5 2. Nf3 e6 3. d4 cxd4 4. Nxd4 Nc6 5. Nc3 Qc7 6. Be3 a6 7. a3 b5 8. Nxc6
Qxc6 9. Qd2 Bb7 10. f3 Rc8 11. g4 Ne7 12. h4 d5 13. Bd3 Qc7 14. O-O-O Rd8 15.
Qf2 Nc8 16. exd5 Bxd5 17. Nxd5 Rxd5 18. f4 h5 19. f5 e5 20. g5 f6 21. Qf3 Rd8
22. Be4 Bd6 23. Rhg1 Ne7 24. Rd2 b4 25. axb4 Bxb4 26. Rxd8+ Qxd8 27. Bc6+ Kf8
28. Rd1 Qa5 29. Kb1 Qc7 30. Bd7 Qb8 31. Be6 Bd6 32. Rxd6 g6 33. Qd1 1-0

[Event "Polfinal Mistrzostw Polski Kobiet"]
[Site "Karpacz"]
[Date "1899-12-30"]
[Round "8.1"]
[White "Sliwicka, Alicja"]
[Black "Jarocka, Liwia"]
[Result "1-0"]
[WhiteTitle "WIM"]
[BlackTitle "FM"]
[WhiteElo "2306"]
[BlackElo "2169"]

1. e4 c5 2. Nf3 Nc6 3. d4 cxd4 4. Nxd4 Nf6 5. Nc3 e5 6. Ndb5 d6 7. Bg5 a6 8. Na3
b5 9. Bxf6 gxf6 10. Nd5 Bg7 11. g3 Ne7 12. Bg2 Bb7 13. Qg4 Kf8 14. Nxe7 Qxe7 15.
O-O Qe6 16. Qe2 Rc8 17. c3 d5 18. exd5 Bxd5 19. Bxd5 Qxd5 20. Nc2 h5 21. Rfd1
Qb7 22. Ne3 h4 23. g4 h3 24. f3 e4 25. f4 Kg8 26. Nf5 Bf8 27. Kf2 e3+ 28. Kg3
Rc4 29. Qf3 Qc7 30. Rd3 b4 31. Rxe3 Kh7 32. Rae1 bxc3 33. Rxc3 Bb4 34. g5 Rc8
35. Qh5+ Kg8 36. Qg4 Kf8 37. gxf6 Rxc3+ 38. bxc3 Qxc3+ 39. Re3 Qxf6 40. Ne7 Bxe7
41. Qxc8+ Kg7 42. Qc3 1-0

[Event "Polfinal Mistrzostw Polski Kobiet"]
[Site "Karpacz"]
[Date "1899-12-30"]
[Round "8.2"]
[White "Siekanska, Maria"]
[Black "Smietanska, Wiktoria"]
[Result "1-0"]
[WhiteTitle "WFM"]
[BlackTitle "CM"]
[WhiteElo "2126"]
[BlackElo "1901"]

1. d4 Nf6 2. c4 e6 3. g3 d5 4. Bg2 c6 5. Nf3 Nbd7 6. O-O Be7 7. Ne5 Nxe5 8. dxe5
Nd7 9. f4 O-O 10. Nc3 Qb6+ 11. Kh1 Qb4 12. cxd5 exd5 13. a3 Qb6 14. b4 Rd8 15.
Rb1 Qc7 16. Qc2 Nb6 17. e4 dxe4 18. Bxe4 h6 19. Nb5 Qd7 20. Nd6 Bxd6 21. exd6
Qxd6 22. f5 Qd4 23. f6 g5 24. Bxg5 Qc4 25. Bh7+ Kh8 26. Bxh6 Qxc2 27. Bxc2 Nd5
28. Rbe1 Bh3 29. Re5 Bxf1 30. Bg7+ Kg8 31. Rh5 1-0

[Event "Polfinal Mistrzostw Polski Kobiet"]
[Site "Karpacz"]
[Date "1899-12-30"]
[Round "8.3"]
[White "Kubicka, Anna"]
[Black "Kulon, Klaudia"]
[Result "0-1"]
[WhiteTitle "WIM"]
[BlackTitle "IM"]
[WhiteElo "2284"]
[BlackElo "2321"]

1. e4 e6 2. d4 d5 3. Nd2 c5 4. Ngf3 cxd4 5. Nxd4 Nc6 6. Bb5 Bd7 7. Nxc6 bxc6 8.
Bd3 Bd6 9. Qe2 Qc7 10. g3 Ne7 11. b3 O-O 12. Bb2 Be5 13. Bxe5 Qxe5 14. O-O Qc3
15. f4 e5 16. exd5 Nxd5 17. fxe5 Qd4+ 18. Qf2 Qxe5 19. Rae1 Qh5 20. Re4 f5 21.
Rh4 Qg5 22. Nf3 Qf6 23. Qd2 Rae8 24. Rd4 Be6 25. c4 Ne7 26. Bc2 c5 27. Rd6 Nc8
28. Rc6 f4 29. Qxf4 Qxf4 30. gxf4 Rxf4 31. Ne5 Rxf1+ 32. Kxf1 Bh3+ 33. Kf2 Rxe5
34. Kg3 Re3+ 35. Kf4 Re2 36. Bb1 Bd7 37. Rxc5 Rxh2 38. Rc7 Rf2+ 39. Ke5 Rf7 40.
c5 Re7+ 41. Kd4 h5 42. Be4 Bf5 43. Bd5+ Kf8 44. Rc6 h4 45. b4 Re2 46. Rc7 Ne7
47. Bf3 Rxa2 48. b5 Rb2 49. Rb7 h3 50. Rb8+ Nc8 51. Ke5 g6 52. Kf6 Rf2 53. Bc6
h2 54. Kg5 Rc2 55. Rb7 Rxc5 56. Rh7 Be4+ 57. Kf6 Rxc6+ 0-1

[Event "Polfinal Mistrzostw Polski Kobiet"]
[Site "Karpacz"]
[Date "1899-12-30"]
[Round "8.4"]
[White "Dwilewicz, Katarzyna"]
[Black "Waszczuk, Patrycja"]
[Result "1-0"]
[WhiteTitle "WFM"]
[BlackTitle "WFM"]
[WhiteElo "2112"]
[BlackElo "2180"]

1. e4 Nf6 2. e5 Nd5 3. d4 d6 4. Nf3 g6 5. Bc4 Nb6 6. Bb3 Bg7 7. Qe2 d5 8. a4 a5
9. Bf4 O-O 10. Nbd2 Na6 11. Qe3 Re8 12. c3 Bf5 13. h3 Rc8 14. g4 Bd7 15. O-O c5
16. Rfe1 cxd4 17. cxd4 Nb4 18. Ng5 e6 19. Rec1 Rxc1+ 20. Rxc1 Nxa4 21. Bxa4 Bxa4
22. h4 h6 23. Ngf3 Kh7 24. Kg2 Rh8 25. Rh1 Bb5 26. Ne1 Qc7 27. Ndf3 Qc4 28. h5
g5 29. Bxg5 Rg8 30. Qf4 Be8 31. Kg3 Qe2 32. Be7 Nd3 33. Nxd3 Qxd3 34. Rc1 Bf8
35. Rc7 Bg7 36. Rxb7 Qa6 37. Rb8 Qa7 38. Bd6 Bh8 39. b3 a4 40. bxa4 Qxa4 41. Rb7
Qc2 42. Rc7 Qd3 43. Re7 Bg7 44. Rc7 Qb5 45. Qd2 Kh8 46. Be7 Qb8 47. Bd6 Qb3 48.
Qc2 Qb5 49. Qd2 Qb1 50. Rc1 Qb3 51. Qc3 Qb5 52. Qe3 Qb2 53. Kh3 Bb5 54. Rg1 Rc8
55. Bc5 Qc2 56. Kh2 Rg8 57. Be7 Kh7 58. Ne1 Qc7 59. Bd6 Qd8 60. Kh3 Bc4 61. Qf4
f6 62. exf6 Bxf6 63. Be5 Rf8 64. Qe3 Bxe5 65. dxe5 Qe7 66. f4 Rb8 67. Nf3 Rb3
68. Qf2 Qa3 69. Rg3 Rb2 70. Qe1 Qa2 71. g5 Rb1 72. Qd2 Bf1+ 73. Kg4 Rb2 74. Qc1
Bc4 75. Qe3 Qb1 76. Nd4 Qd1+ 77. Nf3 Qb1 78. Rg1 Qf5+ 79. Kh4 Rb7 80. Nd4 hxg5+
81. fxg5 Qf8 82. g6+ Kg8 83. h6 1-0

[Event "Polfinal Mistrzostw Polski Kobiet"]
[Site "Karpacz"]
[Date "1899-12-30"]
[Round "8.5"]
[White "Zabrzanska, Weronika"]
[Black "Stochnialek, Dominika"]
[Result "1-0"]
[WhiteTitle "WFM"]
[BlackTitle "I++"]
[WhiteElo "1976"]
[BlackElo "1814"]

1. e4 e6 2. d4 d5 3. Nc3 Nf6 4. Bg5 dxe4 5. Nxe4 Be7 6. Bxf6 gxf6 7. Nf3 f5 8.
Nc3 a6 9. a4 Qd6 10. Qd2 Nd7 11. Bc4 Nf6 12. Ne5 c5 13. O-O-O cxd4 14. Qxd4 Qxd4
15. Rxd4 Nd7 16. f4 Nxe5 17. fxe5 Bd7 18. g4 Bc5 19. Rxd7 Kxd7 20. gxf5 Rad8 21.
Ne4 Bd4 22. Nd6 Ke7 23. fxe6 fxe6 24. Nxb7 Rd7 25. Na5 Rc7 26. Bd3 Bxe5 27. Nb3
Rb8 28. Kb1 Rb4 29. a5 Rc6 30. Bxh7 Rh4 31. Bd3 Bxh2 32. c3 Bg3 33. Rg1 Be5 34.
Re1 Bf6 35. Be4 Rc7 36. Bd3 Rc6 37. Be4 Rc7 38. Bf5 Rc6 39. Be4 Rc7 40. Bd5 e5
41. Be4 Rh2 42. Nc1 Rc5 43. Nd3 Rxa5 44. Nb4 Ke6 45. Bd3 Rc5 46. Nxa6 Rc6 47.
Nb4 Rc8 48. Rf1 Rc5 49. Bf5+ Ke7 50. Rd1 Bh4 51. Be4 Ke6 52. Rf1 Be7 53. Bf5+
Kf6 54. Nd3 Ra5 55. Bd7+ Kg6 56. b4 Raa2 57. Nxe5+ Kh5 58. Be8+ Kh4 59. Nf3+ Kg3
60. Nxh2 Rxh2 61. b5 Ba3 62. c4 Rb2+ 63. Ka1 Rc2 64. Rb1 Bc5 65. Rb3+ Kf4 66.
Bf7 Bb6 67. Kb1 Rh2 68. Rd3 Ke4 69. Rd5 Bd4 70. Bg6+ Ke3 71. Bc2 Rh4 72. c5 Kd2
73. c6 Rh1+ 74. Ka2 Kxc2 75. Rxd4 Kc3 76. c7 1-0

[Event "Polfinal Mistrzostw Polski Kobiet"]
[Site "Karpacz"]
[Date "1899-12-30"]
[Round "8.6"]
[White "Trybus, Dominika"]
[Black "Barchuk, Irina"]
[Result "0-1"]
[WhiteTitle "I++"]
[BlackTitle "WFM"]
[WhiteElo "1450"]
[BlackElo "2107"]

1. e4 c5 2. c3 Nf6 3. e5 Nd5 4. Bc4 e6 5. Nf3 Nb6 6. Bb3 d5 7. d4 Nc6 8. O-O Be7
9. Be3 cxd4 10. cxd4 Nc4 11. Bc1 b5 12. Nc3 Qb6 13. a4 b4 14. Ne2 Ba6 15. Bc2
O-O 16. h4 N4a5 17. Re1 b3 18. Bb1 Bb4 19. Nc3 h6 20. Be3 Rac8 21. h5 Ne7 22.
g4 Rxc3 23. bxc3 Bxc3 24. Ra3 Bxe1 25. Nxe1 Qb4 26. Nd3 Qxa3 27. Nc5 Bc4 28. Qd2
Qa1 29. Qc1 b2 30. Qc2 f5 31. exf6 Rxf6 32. Qh7+ Kf7 33. g5 hxg5 34. Nd7 Rf5 35.
Ne5+ Rxe5 36. dxe5 Ba2 37. h6 Qxb1+ 0-1

[Event "Polfinal Mistrzostw Polski Kobiet"]
[Site "Karpacz"]
[Date "1899-12-30"]
[Round "8.7"]
[White "Dmochowska, Agnieszka"]
[Black "Ejsymont, Blanka"]
[Result "1/2-1/2"]
[WhiteTitle "WFM"]
[BlackTitle "I++"]
[WhiteElo "2039"]
[BlackElo "1634"]

1. d4 Nf6 2. c4 g6 3. Nc3 Bg7 4. e4 d6 5. Nf3 O-O 6. Be2 e5 7. O-O Nc6 8. d5 Ne7
9. b4 a5 10. Ba3 b6 11. bxa5 Rxa5 12. Bb4 Ra8 13. a4 Re8 14. a5 c5 15. dxc6 Nxc6
16. Bxd6 Rxa5 17. Rxa5 Nxa5 18. c5 bxc5 19. Bb5 Bd7 20. Bxd7 Qxd7 21. Nxe5 Qe6
22. Bc7 Nc4 23. Nf3 Nxe4 24. Nxe4 Qxe4 25. Re1 Qc6 26. Rxe8+ Qxe8 27. Qd5 Qe7
28. Bd8 Qd6 29. Qxd6 Nxd6 30. Kf1 c4 31. Ke2 f5 32. Nd2 c3 33. Nb3 Kf7 34. Kd3
Ke6 35. Ba5 Kd5 36. f3 Nb5 37. Nc1 Be5 38. g3 f4 39. Ne2 fxg3 40. hxg3 g5 41.
Bxc3 h5 42. Bxe5 Kxe5 43. f4+ Kf5 44. fxg5 Kxg5 45. Nf4 Kg4 46. Nxh5 Kxh5 47.
Kc4 Nd6+ 48. Kd5 Nf5 49. g4+ Kxg4 50. Ke4 1/2-1/2

[Event "Polfinal Mistrzostw Polski Kobiet"]
[Site "Karpacz"]
[Date "1899-12-30"]
[Round "8.8"]
[White "Zapalowska, Wiktoria"]
[Black "Matskevich, Varvara"]
[Result "1/2-1/2"]
[WhiteTitle "I++"]
[BlackTitle "I++"]
[WhiteElo "1684"]
[BlackElo "1864"]

1. e4 c5 2. Nf3 d6 3. Bb5+ Nd7 4. O-O a6 5. Bd3 e5 6. a4 Ngf6 7. Na3 Be7 8. c3
O-O 9. Re1 Re8 10. Bf1 Nf8 11. h3 Ng6 12. Nc4 Bd7 13. a5 Bc6 14. d3 Qc7 15. Nb6
Rad8 16. c4 Nd7 17. Nxd7 Qxd7 18. Bd2 f5 19. b4 Rf8 20. Bc3 fxe4 21. dxe4 cxb4
22. Bxb4 Rf4 23. Bd3 Rdf8 24. Re3 R4f6 25. Ra2 Nf4 26. Nh2 Rh6 27. Bf1 Rg6 28.
Kh1 Ne6 29. Qd3 Rgf6 30. Ng4 R6f7 31. Kg1 h5 32. Nh2 Nf4 33. Qd1 Rc8 34. Rd2 Ba4
35. Qa1 Ne6 36. Qa3 Nd4 37. Qa2 Bg5 38. Rdd3 Bxe3 39. fxe3 Bb3 40. Rxb3 Nxb3 41.
Qxb3 Kh7 42. Nf3 Qe7 43. Qd1 Rc6 44. Qd5 Kh6 45. Be2 Rf6 46. Nh4 g6 47. Qg8 Qf8
48. Qxf8+ Rxf8 49. Nf3 Rfc8 50. h4 Kg7 51. Ng5 Kf6 52. Kf2 Ke7 53. Ke1 Rxc4 54.
Bxc4 Rxc4 55. Bd2 Rc8 56. Ke2 Rb8 57. Nf3 b6 58. axb6 Rxb6 59. Ne1 Ke6 60. Nc2
d5 61. exd5+ Kxd5 62. Bc3 Rb5 63. Kd3 e4+ 64. Kd2 Rb8 65. Nb4+ Kc4 66. Nxa6 Rf8
67. Bd4 Rf2+ 68. Ke1 Rxg2 69. Nc7 Rh2 70. Bf6 Rh1+ 71. Ke2 Rh3 72. Bg5 Rh2+ 1/2-1/2

[Event "Polfinal Mistrzostw Polski Kobiet"]
[Site "Karpacz"]
[Date "1899-12-30"]
[Round "9.3"]
[White "Kulon, Klaudia"]
[Black "Stochnialek, Dominika"]
[Result "1-0"]
[WhiteTitle "IM"]
[BlackTitle "I++"]
[WhiteElo "2321"]
[BlackElo "1814"]

1. c4 e5 2. g3 Nf6 3. Bg2 d5 4. cxd5 Nxd5 5. Nc3 Nb6 6. d3 Be7 7. a3 a5 8. Nf3
Nc6 9. O-O O-O 10. Be3 Be6 11. Ne4 f6 12. Rc1 a4 13. Bc5 Na5 14. Nfd2 Nb3 15.
Nxb3 Bxb3 16. Qd2 c6 17. Qb4 Bxc5 18. Nxc5 Nd5 19. Qxb7 Rf7 20. Qxc6 Ne7 21. Qxa8
1-0

[Event "Polfinal Mistrzostw Polski Kobiet"]
[Site "Karpacz"]
[Date "1899-12-30"]
[Round "9.4"]
[White "Barchuk, Irina"]
[Black "Dwilewicz, Katarzyna"]
[Result "1-0"]
[WhiteTitle "WFM"]
[BlackTitle "WFM"]
[WhiteElo "2107"]
[BlackElo "2112"]

1. e4 e5 2. Nf3 Nc6 3. d4 exd4 4. Bc4 Nf6 5. e5 Ng4 6. O-O Be7 7. Re1 d6 8. exd6
cxd6 9. Nxd4 O-O 10. Nc3 d5 11. Bxd5 Bc5 12. Be3 Qc7 13. Nf3 Nxe3 14. fxe3 Re8
15. Kh1 Bg4 16. Qd3 Bh5 17. a3 Bg6 18. e4 Rad8 19. Qc4 Na5 20. Qa4 a6 21. b4 Bf2
22. Rf1 Qxc3 23. bxa5 b5 24. axb6 Bxb6 25. Qxa6 Be3 26. Nh4 Re7 27. Nxg6 hxg6
28. Qd3 Bd4 29. Rad1 Qxd3 30. Rxd3 Bb6 31. c4 Kf8 32. Rg3 Rd6 33. e5 Rxe5 34.
Rxf7+ Ke8 35. Rf1 g5 36. Rgf3 Rf6 37. g3 Ke7 38. a4 Re2 39. Rb1 Rh6 40. Rf7+ Ke8
41. h4 gxh4 42. g4 h3 43. c5 Bd8 44. Rxg7 Rf6 45. Bc4 Re3 46. a5 Bxa5 47. Rb8+
Bd8 48. Rg8+ Rf8 49. Rxf8+ Kxf8 50. Rxd8+ Ke7 51. Rd4 Re5 52. Bd5 Re1+ 53. Kh2
Kf6 54. c6 Re7 55. Kxh3 Rh7+ 56. Kg3 Ke5 57. Rd1 Rg7 58. Bf3 Rc7 59. Rd5+ Rc8
60. g5+ Kf5 61. Bg4+ Kxg5 1-0

[Event "Polfinal Mistrzostw Polski Kobiet"]
[Site "Karpacz"]
[Date "1899-12-30"]
[Round "9.5"]
[White "Waszczuk, Patrycja"]
[Black "Dmochowska, Agnieszka"]
[Result "1-0"]
[WhiteTitle "WFM"]
[BlackTitle "WFM"]
[WhiteElo "2180"]
[BlackElo "2039"]

1. c4 e5 2. Nc3 Nf6 3. Nf3 Nc6 4. g3 d5 5. cxd5 Nxd5 6. Bg2 Nb6 7. O-O Be7 8. d3
O-O 9. a3 a5 10. Be3 Re8 11. Rc1 Bg4 12. Nd2 Rb8 13. Nb5 Qd7 14. Nb3 a4 15. Nc5
Bxc5 16. Bxc5 Nd4 17. Nxd4 exd4 18. Re1 Re5 19. Qd2 f6 20. Qf4 Nd5 21. Qd2 Rbe8
22. e3 dxe3 23. fxe3 c6 24. d4 Rh5 25. e4 Nc7 26. Qf4 Na6 27. Bd6 Rb5 28. Rc2
Bh5 29. Bf1 Rg5 30. e5 Rg4 31. Qf2 fxe5 32. dxe5 Qf7 33. Qb6 Kh8 34. Rf2 Qd7 35.
Bh3 Rxg3+ 36. hxg3 Qxh3 37. Qe3 Qe6 38. Qf4 h6 39. Qxa4 Nb8 40. Bxb8 Rxb8 41.
Qb4 Qg6 42. Kg2 Qe6 43. Qd6 Re8 44. Rf8+ Kh7 45. Rxe8 Qxe8 46. e6 Qg6 47. Qf4
Bg4 48. e7 Bd7 49. Qe4 Be8 50. Qxg6+ Kxg6 51. Rf1 Bf7 52. Rd1 Be8 53. Rf1 Bf7
54. Rf4 c5 55. Kf2 1-0

[Event "Polfinal Mistrzostw Polski Kobiet"]
[Site "Karpacz"]
[Date "1899-12-30"]
[Round "9.6"]
[White "Matskevich, Varvara"]
[Black "Ejsymont, Blanka"]
[Result "0-1"]
[WhiteTitle "I++"]
[BlackTitle "I++"]
[WhiteElo "1864"]
[BlackElo "1634"]

1. f4 d5 2. Nf3 g6 3. d3 Bg7 4. g3 Nh6 5. Bg2 O-O 6. O-O d4 7. c4 c5 8. Qc2 Nc6
9. Nbd2 Nf5 10. Nb3 Qb6 11. e4 dxc3 12. Rf2 Nb4 13. Qe2 cxb2 14. Bxb2 Bxb2 15.
Qxb2 Nxd3 16. Qe2 c4 17. Nbd2 Qxf2+ 0-1

[Event "Polfinal Mistrzostw Polski Kobiet"]
[Site "Karpacz"]
[Date "1899-12-30"]
[Round "9.7"]
[White "Trybus, Dominika"]
[Black "Zapalowska, Wiktoria"]
[Result "1-0"]
[WhiteTitle "I++"]
[BlackTitle "I++"]
[WhiteElo "1450"]
[BlackElo "1684"]

1. e4 c6 2. Nc3 d5 3. Nf3 Bg4 4. h3 Bxf3 5. Qxf3 e6 6. d3 Bb4 7. Bd2 d4 8. Nb1
Bxd2+ 9. Nxd2 Ne7 10. g4 Nd7 11. Qg3 e5 12. f4 f6 13. fxe5 fxe5 14. O-O-O Ng6
15. Nf3 Qf6 16. Kb1 Rf8 17. Bg2 O-O-O 18. Rhf1 Qe7 19. Rf2 Rf7 20. Rdf1 Rdf8 21.
h4 c5 22. h5 Nf4 23. Nh4 Kb8 24. Bf3 Qg5 25. Rg1 g6 26. Qh2 Rg7 27. Bd1 gxh5 28.
Nf5 Rgg8 29. Rff1 Qf6 30. gxh5 h6 31. Rxg8 Rxg8 32. Rg1 Rxg1 33. Qxg1 Kc7 34.
a3 Qg5 35. Qxg5 hxg5 36. Kc1 Nf6 37. h6 Kd7 38. Kd2 Ke6 39. c3 c4 40. cxd4 Nxd3
41. d5+ Kf7 42. Bf3 Kg6 43. Kc3 b5 44. d6 Nd7 45. Bh5+ Kh7 46. Be8 N3c5 47. Kb4
a6 48. Bxd7 Nxd7 49. Ka5 g4 50. Kxa6 b4 51. axb4 g3 52. Nxg3 Kxh6 53. Kb7 1-0